[Event "EU-ch 2nd"]
[Site "Ohrid"]
[Date "2001.06.02"]
[Round "2"]
[White "Graf, Alexander"]
[Black "Godena, Michele"]
[Result "1-0"]
[WhiteElo "2649"]
[BlackElo "2494"]
[Annotator "Lutz,C"]
[PlyCount "65"]
[EventDate "2001.06.01"]
[EventType "swiss"]
[EventRounds "13"]
[EventCountry "YUG"]
[SourceTitle "CBM 084"]
[Source "ChessBase"]
[SourceDate "2001.09.13"]
[SourceVersion "1"]
[SourceVersionDate "2001.09.13"]
[SourceQuality "1"]

1. d4 d5 2. c4 c6 3. Nf3 Nf6 4. Nc3 e6 5. e3 Nbd7 6. Bd3 Bd6 7. e4 $5 {
Vermutlich ist dieser Zug der präziseste Weg, um zum Vorteil zu kommen.} ({
Wegen} 7. O-O O-O 8. e4 dxc4 9. Bxc4 e5 {siehe Dautov-Savchenko aus dem
gleichen Turnier.}) 7... dxe4 (7... dxc4 $6 8. Bxc4 e5 9. dxe5 Nxe5 10. Nxe5
Bxe5 11. Qxd8+ Kxd8 12. Bxf7 $36) 8. Nxe4 Nxe4 9. Bxe4 e5 {Schwarz nutzt die
besondere Zugfolge, um ...e6-e5 sofort durchzusetzen.} (9... O-O 10. O-O h6 (
10... e5 $2 11. dxe5 Nxe5 12. Nxe5 Bxe5 13. Bxh7+ Kxh7 14. Qh5+ Kg8 15. Qxe5
$16) 11. Bc2 $14) 10. O-O exd4 11. Qxd4 Qf6 12. Rd1 Bc7 {Godena bevorzugt
diesen Zug, während Anand zweimal 12...Be7 wählte.} (12... Be7 13. Bc2 (13. Be3
Qxd4 14. Nxd4 Nf6 15. Bc2 O-O 16. h3 Re8 17. Nf5 Bxf5 18. Bxf5 $14 {1/2-1/2
Bareev,E-Anand,V/Dortmund 2000/CBM 78/[Lutz] (61)}) 13... Qxd4 14. Nxd4 Nc5 15.
Re1 g6 16. Bh6 Ne6 17. Rad1 Nxd4 18. Rxd4 Be6 19. b3 Bf8 20. Bxf8 Kxf8 21. f4
Re8 22. Kf2 Kg7 23. Be4 Rd8 24. Red1 Rxd4 25. Rxd4 Kf6 26. c5 Rc8 27. Ra4 a6
28. Rd4 Ke7 29. Ke3 Rc7 30. h4 h6 31. g3 Rd7 32. Rxd7+ Bxd7 33. Kd4 Bg4 34. Ke5
f6+ 35. Kd4 Bh5 36. Kc3 Kd7 37. Kb4 Kc7 38. Ka5 g5 39. Bd3 gxf4 40. gxf4 Bg4
41. b4 Bf3 42. a4 Bd5 {1/2-1/2 Piket,J-Anand,V/Monaco 2001/CB17 (42)}) 13. Be3
$6 {Im Sinne eines Eröffnungsvorteils erscheint 13.Lg5 präziser.} (13. Bg5 Qxd4
14. Nxd4 h6 15. Bh4 g5 16. Bg3 Bxg3 17. hxg3 Nc5 18. Bf5 $14 {1-0 Milov,
V-Godena,M/Saint Vincent 2000/CBM 78/[Lutz] (87)}) 13... O-O {[%csl Re5][%cal
Yd7e5] Schwarz wird demnächst ...Ne5 folgen lassen.} 14. Qd3 h6 15. Bd4 Ne5 16.
Qc3 Nxf3+ 17. Bxf3 Qg5 18. b4 Be6 $11 {Damit hat Schwarz die
Eröffnungsprobleme gelöst.} 19. g3 a6 20. Re1 Rfe8 21. Be5 Bxe5 22. Rxe5 Qf6
23. Rae1 Red8 24. R1e4 Rd7 25. Rf4 Qd8 26. Re3 a5 27. a3 axb4 28. axb4 Ra2 29.
Bg4 Bxg4 30. Rxg4 Rd1+ 31. Kg2 Rg1+ $4 {Eine "Vereinfachungskombination", die
die Stellung nur für Weiß vereinfacht.} (31... f6 $11) 32. Kxg1 Qd1+ 33. Qe1 (
33. Qe1 Qxg4 34. Re8+ Kh7 35. Qb1+) 1-0

[Event "FRA-chT Top 16 GpB"]
[Site "Port Barcares"]
[Date "2005.05.07"]
[Round "11"]
[White "Gozzoli, Yannick"]
[Black "Fressinet, Laurent"]
[Result "1/2-1/2"]
[WhiteElo "2433"]
[BlackElo "2638"]
[Annotator "Lutz,C"]
[PlyCount "81"]
[EventDate "2005.05.04"]
[EventType "team"]
[EventRounds "11"]
[EventCountry "FRA"]
[SourceTitle "CBM 107"]
[Source "ChessBase"]
[SourceDate "2005.08.01"]
[SourceVersion "1"]
[SourceVersionDate "2005.08.01"]
[SourceQuality "1"]

1. d4 d5 2. c4 c6 3. Nc3 Nf6 4. e3 e6 5. Nf3 Nbd7 6. Bd3 dxc4 7. Bxc4 a6 $6 {
GM Fressinet war offensichtlich in Experimentierlaune.} (7... b5) 8. e4 c5 {
Das ist die Idee, Schwarz will eine Stellung ähnlich dem angenommenen
Damengambit erreichen, aber die ganze Sache sieht sehr zweifelhaft aus. Die
deutschen IMs Matthias Thesing und Günther Beikert haben sich mehrfach dieser
Variante bedient.} 9. e5 Ng4 10. Ng5 (10. Be3 Qc7 11. Bb3 cxd4 12. Bxd4 Ngxe5
13. Nxe5 Nxe5 14. O-O Nc6 15. Re1 Nxd4 16. Qxd4 Qc5 17. Qe4 Be7 18. Rad1 O-O
19. Rd3 Bf6 20. Rf3 Qd4 21. Qb1 b5 22. Rd1 Qe5 23. Bc2 h6 24. Re1 Qc7 25. Qd1
Rd8 26. Qe2 Bb7 27. Be4 Rac8 28. Bxb7 Qxb7 29. Ne4 Bxb2 30. Rg3 Be5 31. Rh3 Rd4
32. g4 Rcc4 33. Re3 Bf4 34. Qf3 Qc7 35. R3e2 Bg5 36. h3 Be7 37. Qe3 Qc6 38. Nd2
Rxg4+ 39. hxg4 Rxg4+ 40. Qg3 Rxg3+ 41. fxg3 b4 42. Rb1 Bc5+ 43. Kh2 Qd5 {
0-1 Sakaev,K-Thesing,M/Dortmund 1991/CBM 23 (43)}) (10. h3 cxd4 11. hxg4 dxc3
12. bxc3 Qc7 13. Qd4 b6 14. Bf4 Bb7 15. Be2 Rc8 16. c4 Bb4+ 17. Kf1 Nf8 18. Bg3
Ng6 19. g5 Rd8 20. Qg4 Bc3 21. Rb1 Qc5 22. Rb3 Qa5 23. Kg1 Qxa2 24. Rxb6 Qxe2
25. Rxb7 Rd1+ 26. Kh2 h5 27. Qh3 h4 28. Rb8+ Rd8 29. Rxd8+ Kxd8 30. Bf4 Nxf4
31. Qg4 Ng6 32. Kh3 Qxf2 33. Rb1 Qg3+ 34. Qxg3 hxg3+ 35. Kxg3 Kc7 {0-1 Flear,
G-Beikert,G/France 2002/EXT 2003 (35)}) 10... cxd4 (10... Nh6 11. Bxe6 cxd4 12.
Bxd7+ Qxd7 13. Nce4 Qb5 14. a4 Bb4+ 15. Bd2 Bxd2+ 16. Qxd2 Qxe5 17. O-O O-O 18.
Rfe1 Qd5 19. Nf3 Nf5 20. Rad1 Rd8 21. Qg5 h6 22. Nf6+ Kf8 23. Nxd5 hxg5 24. Nb6
Rb8 25. Nxg5 Bd7 26. g4 Nh4 27. Rxd4 Bc6 28. Rf4 f6 29. Ne6+ Kg8 30. Nxd8 Rxd8
31. Rc1 Re8 32. h3 Re2 33. Nc4 Nf3+ 34. Kf1 Re7 35. Ne3 {1-0 Capablanca,
J-Mieses,J/Margate 1935/HCL (35)}) 11. Nxf7 (11. Qxg4 $5 Nxe5 12. Qf4 dxc3 (
12... f6 $5 {sieht wie eine Verstärkung aus}) 13. Qxe5 f6 14. Qxc3 fxg5 15. Be3
Bd7 16. O-O Rc8 17. Qb3 Rc6 18. Be2 b5 19. Bd4 h5 20. Rad1 Qe7 21. Bf3 Rc4 22.
Rfe1 Qb4 23. Qd3 Rxd4 24. Qxd4 Qxd4 25. Rxd4 Bc5 26. Rd3 g4 27. Bc6 {1-0
Gabriel,C-Thesing,M/Germany 1998/GER-chT (27)}) 11... Kxf7 (11... Qh4 12. g3
Qh5 13. Nxh8 dxc3 14. Be2 Bb4 15. Kf1 Qh3+ 16. Kg1 Ndxe5 17. Bf1 Qh5 18. h3 Nf6
19. g4 Qh4 20. Bg2 Bc5 21. Qe2 Qxf2+ 22. Qxf2 Bxf2+ 23. Kxf2 cxb2 24. Bxb2 Nd3+
25. Kg3 Nxb2 26. Rab1 Nc4 27. Bxb7 Bxb7 28. Rxb7 Ne4+ 29. Kg2 O-O-O 30. Rb4
Rd2+ 31. Kf3 Rd4 32. Rc1 Kd7 33. Rb7+ Kc6 34. Rxg7 Kd5 35. Rd7+ Ned6 36. Nf7
Rd3+ 37. Ke2 Rd2+ 38. Ke1 Rxa2 39. Rxc4 Kxc4 40. Rxd6 Ra3 41. h4 Kc5 42. Rxe6
Ra4 43. Nh6 Kd5 44. Rf6 a5 45. Rf7 Ke4 46. Kd2 Ra2+ 47. Kc3 Ra3+ 48. Kb2 Rh3
49. h5 Ke5 50. Rxh7 Kf6 51. Ng8+ Ke6 52. Rg7 a4 53. h6 Kd5 54. Rg5+ Ke6 55. Rh5
Rxh5 56. gxh5 Kf7 57. Ne7 {1-0 Ogaard,L-Karaklajic,N/Manila 1975/EXT 99 (57)})
12. Qxg4 Nxe5 13. Qh5+ Ng6 14. Ne4 Bb4+ 15. Bd2 Bxd2+ 16. Kxd2 Qh4 (16... Kg8
17. Rac1 $44) 17. Qf5+ Ke8 18. Bxe6 {Jetzt sollte Weiss Vorteil ahben, aber
die offenen Könige auf beiden Seiten machen die Stellung taktisch.} Rf8 19.
Nd6+ Kd8 20. Nf7+ Ke7 21. Rhe1 (21. Bxc8 $5 Rxf7 22. Qc5+ Ke8 (22... Kd8 23.
Qd6+) 23. Rae1+ Ne7 24. Bxb7 Rb8 $13) 21... Qf4+ 22. Qxf4 Nxf4 23. Bb3+ Kf6 24.
g3 Ng6 25. Nd6 Ne5 26. Re4 Bg4 27. Rf4+ Ke7 28. Re1 Rxf4 (28... Kxd6 $5 29.
Rxd4+ Kc5 30. Rd5+ Kb6 31. Rexe5 Rxf2+) 29. gxf4 Kxd6 30. fxe5+ Kc5 31. Rc1+
Kb6 32. Rg1 h5 33. Bf7 Kc6 34. h3 Bxh3 35. Rg6+ Kc5 36. Rxg7 Rf8 37. f4 (37.
b4+ $5 Kxb4 (37... Kc6 38. Kd3) 38. e6 Bxe6 39. Bxe6 Rxf2+ 40. Kd3 $16) 37...
h4 38. e6 Kd6 39. Rh7 Bxe6 40. Bxe6 Kxe6 41. Rxh4 1/2-1/2

[Event "Enghien les Bains 2nd"]
[Site "Enghien les Bains"]
[Date "1997.03.22"]
[Round "9"]
[White "Spraggett, Kevin"]
[Black "Bacrot, Etienne"]
[Result "0-1"]
[WhiteElo "2580"]
[BlackElo "2500"]
[Annotator "Lutz,C"]
[PlyCount "82"]
[EventDate "1997.03.14"]
[EventType "tourn"]
[EventRounds "9"]
[EventCountry "FRA"]
[EventCategory "10"]
[SourceTitle "CBM 058"]
[Source "ChessBase"]
[SourceDate "1997.06.01"]
[SourceVersion "1"]
[SourceVersionDate "1997.06.01"]
[SourceQuality "1"]

1. d4 d5 2. c4 c6 3. Nf3 Nf6 4. Nc3 e6 5. e3 Nbd7 6. Qc2 Bd6 7. Bd3 O-O 8. O-O
h6 $5 {Eine bislang wenig erprobte Idee, motiviert durch die schwarzen
Probleme nach 8...Qe7 :} (8... Qe7 $6 9. c5 $1 Bc7 10. e4 $14 dxe4 (10... e5 $2
{Dautov} 11. exd5 cxd5 12. Bg5 $16 {Dautov,R-Ribli,Z/BL 9697 (18)}) 11. Nxe4 h6
(11... Nd5 12. Bd2 Rd8 13. Rae1 f6 14. Nd6 Nf8 15. Nxc8 $1 {Es mag paraxdox
aussehen, den schlechten Bc8 abzutauschen, aber dieser deckt den Pe6 und
stellt somit eine wichtige Verteidigungsfigur dar.} Raxc8 16. Re4 $14 {1-0
Kramnik,V-Dreev,A/Ciudad de Linares XIV 1997 (65)}) 12. Re1 Rd8 13. a3 Nxe4 14.
Bxe4 $14 {1/2-1/2 Dautov,R-Shirov,A/BL9697 1996 (26)}) 9. Rd1 Qe7 10. c5 (10.
e4 dxe4 11. Nxe4 Nxe4 12. Bxe4 Re8 13. Re1 Nf6 14. Bd3 c5 15. dxc5 Bxc5 16. Ne5
b6 17. Bd2 Bb7 18. Rad1 Red8 19. Bc3 a5 $11 {1-0 Browne,W-Vera,R/Linares MEX
1994 (52)}) 10... Bb8 11. e4 e5 {Nun zahlt sich 8...h6 aus : Der Ph7 hängt
nicht und Bg5 ist verhindert.} 12. exd5 Nxd5 13. Bf1 Nxc3 (13... exd4 14. Nxd5
cxd5 15. b4 a5 16. Re1 Qf6 17. Bb2 $44) 14. bxc3 e4 15. Re1 Nf6 16. g3 Bf5 17.
Bb2 Bh7 18. Qb3 Ng4 {Mit diesem Zug versucht Schwarz nachzuweisen, daß der
weiße Königsflügel anfällig ist.} 19. Re2 (19. Bg2 Qf6) 19... e3 $5 20. Rxe3 $2
{Verliert die Qualität und damit die Partie. Interessant sind die
Verwicklungen nach 20.fxe3 :} (20. fxe3 Bd3 21. Ree1 Bxf1 22. Rxf1 (22. Kxf1
Qe4 23. Kg2 (23. Qd1 $2 Nxe3+) 23... Nxe3+ (23... Nxh2 $5) 24. Kf2 Ng4+ 25. Kg2
$11) 22... Qxe3+ 23. Kg2 (23. Kh1 Nf2+ 24. Kg2 Nd3 25. Qc2 $5) 23... Qe2+ (
23... Qd3 $5 24. Bc1 $13 (24. Qxb7 Ne3+ 25. Kg1 Nxf1 26. Rxf1 Bxg3 $1)) 24. Kg1
Qe3+ $11) 20... Nxe3 21. Re1 Qd7 22. Rxe3 Bc7 23. Ba3 Rab8 24. Qa4 Rfe8 25. c4
Bf5 26. Bc1 Bg4 27. Qd1 b6 28. Ba3 Rxe3 29. fxe3 bxc5 30. Bxc5 Qe6 31. Qe2 Rb1
32. Kf2 Qe4 33. Bg2 Rc1 34. h3 Rc2 35. hxg4 Bxg3+ 36. Kf1 Rxe2 37. Kxe2 Qxg4
38. Kf1 Qf5 39. Ke2 Qc2+ 40. Nd2 Bc7 41. Be4 Qxa2 {Mit diesem Sieg erfüllte
Bacrot seine letzte GM-Norm und wurde der jüngste Großmeister aller Zeiten.}
0-1

[Event "Clarin GP final"]
[Site "Villa Gesell"]
[Date "1997.03.06"]
[Round "4"]
[White "Garcia Palermo, Carlos H"]
[Black "Valerga, Diego"]
[Result "0-1"]
[WhiteElo "2480"]
[BlackElo "2445"]
[Annotator "Lutz,C"]
[PlyCount "58"]
[EventDate "1997.03.02"]
[EventType "tourn"]
[EventRounds "11"]
[EventCountry "ARG"]
[EventCategory "11"]
[SourceTitle "CBM 058"]
[Source "ChessBase"]
[SourceDate "1997.06.01"]
[SourceVersion "1"]
[SourceVersionDate "1997.06.01"]
[SourceQuality "1"]

1. d4 d5 2. c4 c6 3. e3 Nf6 4. Nc3 e6 5. Nf3 Nbd7 6. Qc2 Bd6 7. Bd3 O-O 8. O-O
dxc4 9. Bxc4 Qe7 10. a3 e5 11. h3 Bb8 {Chernins Spezialvariante.} 12. Rd1 $6 {
Mein Eindruck ist, daß eher der Damenturm nach d1 gehört bzw. Weiß sich mit
der Plazierung der Türme etwas Zeit lassen sollte. Man vergleiche auch Timman,
J-Akopian,V (Ubeda 1997).} (12. Ba2) 12... h6 13. Ba2 Re8 $5 14. Nh4 Nf8 15.
Nf5 Qc7 16. Ne4 Nxe4 17. Qxe4 Bxf5 18. Qxf5 exd4 19. Rxd4 Ne6 {Nur noch Weiß
hat Probleme.} 20. Bxe6 Rxe6 21. f4 a6 22. Qd3 Ba7 23. Rd7 Qxf4 24. Rxb7 Qg3
25. Rd7 Rg6 26. Qf1 Bb8 27. Qxf7+ Kh7 28. Qf2 Qh2+ 29. Kf1 Qh1+ 0-1

[Event "Ubeda"]
[Site "Ubeda"]
[Date "1997.02.17"]
[Round "8"]
[White "Timman, Jan H"]
[Black "Akopian, Vladimir Eduardovic"]
[Result "1/2-1/2"]
[WhiteElo "2630"]
[BlackElo "2655"]
[Annotator "Lutz,C"]
[PlyCount "81"]
[EventDate "1997.02.07"]
[EventType "tourn"]
[EventRounds "11"]
[EventCountry "ESP"]
[EventCategory "16"]
[SourceTitle "CBM 058"]
[Source "ChessBase"]
[SourceDate "1997.06.01"]
[SourceVersion "1"]
[SourceVersionDate "1997.06.01"]
[SourceQuality "1"]

1. d4 d5 2. c4 c6 3. Nc3 Nf6 4. e3 e6 5. Nf3 Nbd7 6. Qc2 Bd6 7. Bd3 dxc4 8.
Bxc4 O-O 9. O-O Qe7 10. a3 e5 11. h3 Bb8 {Chernins Spezialvariante.} 12. Ba2 h6
13. Nh4 Rd8 14. Nf5 Qe8 15. Bd2 (15. Ne2) (15. Ne4) 15... Nf8 16. Rfd1 $6 {
Eine Neuerung, die m. E. aber nicht zu fürchten ist. Wahrscheinlich steht
besser der Damenturm auf d1.} (16. Rad1 Qd7 $1 (16... exd4 17. Nxd4 $5 (17.
exd4 Be6 $11) 17... Bc7 18. Bc1 Bb6 19. Rfe1 Bxd4 $5 20. exd4 Be6 21. d5 $1
cxd5 22. Nxd5 Nxd5 23. Rxd5 $13 {1/2-1/2 Stangl,M-Chernin,A/Muenchen 1992 (28)}
(23. Bxd5 $5 Rac8 24. Qb1 Qb5 25. Bf3 Rxd1 26. Rxd1 Bb3 27. Re1 Bc2 $13)) 17.
Ng3 exd4 18. exd4 Qc7 19. Nce2 Be6 20. Bf4 Qb6 21. Bxe6 {1/2-1/2 Portisch,
L-Chernin,A/Budapest zt-B 1993}) 16... exd4 (16... Qd7 $5 {analog zu
Portisch-Chernin erscheint interessant.} 17. Ng3 exd4 18. exd4 Qc7 {nebst ...
Be6 und Ausgleich. Ich sehe nicht, welche Vorteile hier die Plazierung des
Königsturms auf d1 bietet.}) 17. Nxd4 Qe5 18. f4 Qe7 19. Re1 {Korrigiert die
Turmstellung.} a5 20. Rad1 Ba7 21. Na4 Bxd4 22. exd4 Qc7 23. f5 Rxd4 24. Bc3
$44 Rxd1 25. Rxd1 Nd5 26. Bxd5 cxd5 27. Qf2 Ra6 28. Rxd5 Nd7 29. Nc5 Nxc5 30.
Rxc5 Rc6 31. Qd4 f6 32. Bxa5 Qe7 33. Rxc6 bxc6 34. g4 Kh7 35. Bb4 Qe2 36. Qd2
Qf3 37. Qg2 Qe3+ 38. Kh2 c5 39. Bc3 Ba6 40. Qg3 Qe2+ 41. Qg2 1/2-1/2

[Event "Solin 9th"]
[Site "Solin/Split"]
[Date "2001.12.08"]
[Round "1"]
[White "Ftacnik, Lubomir"]
[Black "Ribli, Zoltan"]
[Result "1/2-1/2"]
[WhiteElo "2566"]
[BlackElo "2564"]
[Annotator "Lutz,C"]
[PlyCount "105"]
[EventDate "2001.12.08"]
[EventType "tourn"]
[EventRounds "9"]
[EventCountry "CRO"]
[EventCategory "12"]
[SourceTitle "CBM 087"]
[Source "ChessBase"]
[SourceDate "2002.03.21"]
[SourceVersion "1"]
[SourceVersionDate "2002.03.21"]
[SourceQuality "1"]

1. c4 c6 2. d4 d5 3. Nc3 Nf6 4. e3 e6 5. Nf3 Nbd7 6. Qc2 Bd6 7. Bd3 O-O 8. O-O
dxc4 9. Bxc4 a6 {Von den vielen schwarzen Möglichkeiten gegen das
Karpov-System 6.Qc2 ist dieser Aufbau vermutlich der solideste für Schwarz.
Schwarz steht bereit zu ...b7-b5 und ...c6-c5.} 10. Rd1 (10. a4 {war eine
Weile sehr beliebt bei den Weißen, aber die letzten Ergebnisse waren
zufriedenstellend für Schwarz.} c5 11. Rd1 cxd4 $1 12. exd4 Qc7 13. Bd3 b6 14.
Be3 Bb7 15. Qe2 Nd5 16. Ne4 Nf4 17. Bxf4 Bxf4 $15 {0-1 Van Wely,L-Dreev,A/New
Delhi/Theran 2000/CBM 81/[Lutz] (58)}) 10... b5 ({Zu} 10... Qc7 {siehe
Kaidanov,G-Mulyar,M/Seattle 2002/CBM 87/[Lutz] (83)}) 11. Be2 Qc7 12. e4 (12.
Ne4 $5 Nxe4 13. Qxe4 Be7 14. Bd2 Bb7 15. Rac1 c5 16. Qb1 (16. Qg4 $6 c4 17. Be1
Rac8 18. Nd2 f5 19. Qh3 Nf6 20. Nb3 Ne4 21. Nd2 Nf6 22. Nb3 Nd5 23. Ba5 Qb8 24.
Nd2 Rf6 $40 {0-1 Georgiev,K-Bareev,E/Sarajevo 2000/CBM 77/[Lutz] (40) Schwarz
fährt schwere Geschütze auf.}) 16... Qb6 17. dxc5 Nxc5 18. Bc3 Be4 19. Qa1 b4
20. Bd4 Rac8 21. Ne5 $5 (21. Nd2 Bd5 $11 {1/2-1/2 Karpov,A-Kramnik,V/Frankfurt
1999/CBM 72/[Lutz] (42)}) 21... Rfd8 22. f3 Bd5 23. b3 f6 24. Nc4 Bxc4 25. Bxc4
$14 {1-0 Karpov,A-Illescas Cordoba,M/Barcelona 1999/CBM 71 ext (55)}) 12... e5
13. g3 Re8 14. dxe5 $5 (14. a3 exd4 (14... Bb7 15. Bg5 (15. dxe5 Nxe5 16. Bg5
Nxf3+ 17. Bxf3 Be5 18. Bxf6 gxf6 19. Bg4 Rad8 20. Bf5 Bc8 21. Bxc8 Qxc8 22.
Rac1 Qe6 23. Rxd8 Rxd8 24. Nd1 c5 25. Qxc5 Qb3 26. Ne3 Qxb2 27. Qc8 $1 Rf8 28.
Qg4+ Kh8 29. Rc8 {1-0 Karpov,A-Kramnik,V/Amber Rapid 1998/EXP 63}) 15... exd4 (
15... h6 16. dxe5 Bxe5 17. Nxe5 hxg5 18. Nxd7 Nxd7 19. Qd2 Nf6 20. Qxg5 Nxe4
21. Nxe4 Rxe4 22. Bf3 Re5 23. Rd7 Qxd7 24. Qxe5 Re8 25. Qc3 Qf5 26. Rd1 a5 27.
Kg2 a4 28. h4 Ba8 29. Re1 Rc8 30. Re5 $16 {Epishin,V-Polgar,Z/Madrid 1992/CBM
30/[Ftacnik]/1-0 (45)}) 16. Nxd4 Be5 17. Nf5 c5 18. Nd5 Nxd5 19. exd5 f6 20.
Be3 g6 21. Nh6+ Kg7 22. Ng4 Bd6 23. Bh6+ Kf7 $13 {1/2-1/2 Khalifman,A-Anand,V/
Groningen 1997/CBM 63 (36)}) (14... c5 $2 15. dxe5 Nxe5 16. Bg5 $16 {1-0
Shipov,S-Savchenko,S/Maikop 1998/CBM 66/[Lutz] (29)}) 15. Nxd4 Bb7 (15... Be5
16. Be3 Bb7 17. Bf3 c5 18. Nde2 c4 19. b3 cxb3 20. Qxb3 Nc5 21. Bxc5 Qxc5 22.
Rac1 Bxc3 23. Nxc3 Rac8 24. a4 Nxe4 25. Bxe4 Bxe4 26. Nxe4 Qxc1 27. Rxc1 Rxc1+
28. Kg2 Rxe4 $15 {1/2-1/2 Ftacnik,L-Svetushkin,D/Panormo 2001/CBM 84 ext (30)})
16. Bf3 Be5 17. Nf5 g6 18. Nh6+ Kg7 19. Bg5 c5 20. Bg2 Bd4 21. Nxb5 axb5 22.
Rxd4 Qe5 23. Rxd7 Nxd7 24. Bf4 Qe6 25. Rd1 Nf6 26. Rd6 Bxe4 27. Qc3 b4 28. Qxc5
Rac8 29. Rxe6 Rxc5 30. Rxe8 Bxg2 31. axb4 Rb5 32. Re7 Bf3 33. Be5 Kxh6 34. Bxf6
Rxb4 35. Re3 Bd5 36. f3 Rb3 37. Bc3 $14 {1-0 Epishin,V-Savchenko,S/Bad
Woerishofen 1999/EXT 2000 (37)}) 14... Nxe5 15. Bg5 Nxf3+ 16. Bxf3 Bg4 17. Bxg4
(17. Qd3 Bxf3 18. Qxf3 Be5 19. Bxf6 Bxf6 20. Rac1 Qe5 21. b3 Qe6 22. Rc2 Rad8
23. Kg2 g6 24. Rxd8 Rxd8 25. Ne2 Bg5 26. h4 Bh6 {1/2-1/2 Alexandrova,
O-Savchenko,S/Alushta 2000/EXT 2001 (26)}) 17... Nxg4 18. Qe2 $146 (18. f3 Bc5+
19. Kg2 Be3 20. h3 Bxg5 21. hxg4 Rad8 22. f4 Be7 23. e5 Qc8 24. Qf5 Qe6 25.
Qxe6 fxe6 26. Rxd8 Rxd8 27. Rd1 Rxd1 28. Nxd1 Kf7 29. Kf3 Ke8 30. Nf2 Bc5 31.
Nd3 Be7 32. f5 g6 33. f6 Bf8 34. b4 a5 35. bxa5 Kd7 36. a6 Kc7 37. Nf4 {
1-0 Nachev,S-Iskusnyh,S/Moscow 2001/EXT 2002 (37)}) 18... Ne5 19. Rac1 Bf8 20.
b3 f6 {Es erscheint mir, als ob die Stellung ungefähr ausgeglichen ist. Die
schwarze Mehrheit am Damenflügel ist etwas entwertet, da der c-Bauer
rückständig ist. Diesen Bauern nach c5 vorzurücken, würde das Feld d5
schwächen. Andererseits kann Weiß mit seinen Bauern am Königsflügel auch nicht
so viel anfangen.} 21. Be3 Qe7 22. f3 Rac8 23. Kg2 Red8 24. Rxd8 Rxd8 25. Nd1
Qe6 26. Nf2 Bb4 27. Rc2 Be7 28. f4 Nf7 29. Qg4 Qxg4 30. Nxg4 Rc8 31. Bf2 Nd6
32. Kf3 h5 33. Ne3 Kf7 34. e5 fxe5 35. fxe5 Nb7 36. Nd5 {So bekommt Weiß den
Vorteil des Läufers gegen den Springer, aber Schwarz kann das Gleichgewicht
halten.} Ke6 (36... Bd8 $2 37. Nb4 $16) 37. Nxe7 Kxe7 38. Kf4 Ke6 39. Kg5 c5
40. h4 Kxe5 41. Be1 Nd6 42. Bc3+ Ke6 43. Kxh5 Kf7 44. Be5 Ne4 45. Kg4 c4 46.
Kf5 Nc5 47. bxc4 Nd3 48. c5 Rxc5 49. Rxc5 Nxc5 50. h5 b4 51. Bd6 b3 52. axb3
Nxb3 53. g4 1/2-1/2

[Event "Biel Credit Suisse"]
[Site "Biel"]
[Date "1997.07.28"]
[Round "7"]
[White "Karpov, Anatoly"]
[Black "Gelfand, Boris"]
[Result "1/2-1/2"]
[WhiteElo "2745"]
[BlackElo "2695"]
[Annotator "Lutz,C"]
[PlyCount "40"]
[EventDate "1997.07.20"]
[EventType "tourn"]
[EventRounds "10"]
[EventCountry "SUI"]
[EventCategory "17"]
[SourceTitle "CBM 060"]
[Source "ChessBase"]
[SourceDate "1997.09.29"]
[SourceVersion "1"]
[SourceVersionDate "1997.09.29"]
[SourceQuality "1"]

1. d4 d5 2. c4 e6 3. Nc3 Nf6 4. e3 c6 5. Nf3 Nbd7 6. Qc2 Bd6 7. Bd3 O-O 8. O-O
dxc4 9. Bxc4 b5 10. Bd3 {In einer früheren Begegnung konnte Karpov mit 10.Be2
auch nicht mehr erreichen :} (10. Be2 Bb7 11. Bd2 Rc8 {1/2-1/2 Karpov,
A-Gelfand,B/Dos Hermanas 1997 (63)}) 10... Bb7 11. Bd2 b4 $146 {Diese Neuerung
ist besser als 11...a6 :} (11... a6 12. Ng5 h6 13. Nge4 Be7 14. Nxf6+ Nxf6 15.
Ne4 Nxe4 16. Bxe4 $14 {Baikov,V-Tabatadze,T/URS-chT 1988/TD 88\11/0-1 (44)})
12. Ne4 (12. Na4 Rc8 {/\} 13. e4 c5) 12... Nxe4 13. Bxe4 Nf6 $11 14. a3 (14.
Bd3 Rc8 $11 {/\ ...c5}) 14... bxa3 15. bxa3 Nxe4 16. Qxe4 Qe7 17. Rfb1 Rab8 18.
Qg4 c5 19. dxc5 Bxc5 20. Bc3 f6 1/2-1/2

[Event "Koop Tjuchem"]
[Site "Groningen"]
[Date "1996.??.??"]
[Round "3"]
[White "Akopian, Vladimir Eduardovic"]
[Black "Shirov, Alexei"]
[Result "1/2-1/2"]
[WhiteElo "2630"]
[BlackElo "2685"]
[Annotator "Lutz,C"]
[PlyCount "24"]
[EventDate "1996.12.20"]
[EventType "tourn"]
[EventRounds "11"]
[EventCountry "NED"]
[EventCategory "16"]
[SourceTitle "CBM 057"]
[Source "ChessBase"]
[SourceDate "1997.04.01"]
[SourceVersion "1"]
[SourceVersionDate "1997.04.01"]
[SourceQuality "1"]

1. d4 d5 2. c4 e6 3. Nf3 c6 4. Nc3 Nf6 5. e3 Nbd7 6. Qc2 Bd6 7. Be2 O-O 8. O-O
dxc4 9. Bxc4 a6 10. Rd1 Qe7 11. a3 $6 (11. a4 {ist der kritische Zug}) 11... b5
12. Be2 c5 $11 1/2-1/2